| 000 | 00856cab a2200277 4500 | ||
|---|---|---|---|
| 001 | ABS56301 | ||
| 008 | 090401t1996 xxu||||| |||| 00| 0 eng d | ||
| 035 | _a(Sirsi) u22677 | ||
| 041 | _aeng | ||
| 100 | _aDavies, A. | ||
| 245 | _aBuilding sealants that stand the test of time | ||
| 260 | _c1996 | ||
| 350 | _a0 | ||
| 490 |
_aConstruction Repair _v10(6) November/December 1996, 30-32(3) |
||
| 520 | _aExplains the traditional problems associated with building sealants and introduces a new product designed to combat such problems. | ||
| 650 | _aBOW CORNING 897 | ||
| 650 | _aBUILDING SEALANTS | ||
| 650 | _aDIRT RUN-DOWN | ||
| 650 | _aDOW CORNING HANSIL | ||
| 650 | _aFLUID MIGRATION | ||
| 650 | _aFLUID STEAKING | ||
| 650 | _aRESIDUE RUN-DOWN | ||
| 690 | _aBUILT ENVIRONMENT-BUILDING MATERIALS | ||
| 942 | _n0 | ||
| 948 | _c04/03/1997 | ||
| 999 |
_c15201 _d15201 |
||